| 000 | 00606nam a2200181 i 4500 | ||
|---|---|---|---|
| 001 | 62067 | ||
| 003 | ES-MaACL | ||
| 005 | 20251105063131.0 | ||
| 007 | t| | ||
| 008 | 031117s1923 sp ||||1| cat d | ||
| 100 | 1 |
_aFaura i Sans, M., _d1883-1941 _948954 |
|
| 245 | 1 | 0 |
_aEstació meteorológica de Viella _b: (Valle d'Arán, Pireneus centrals) : resum de les observacions de l'anny 1923 / _cde M. Faura i Sans. |
| 260 |
_aBarcelona : _b[s.n., _c1923] ( _fHostench) |
||
| 300 |
_a8 p. ; _c25 cm. |
||
| 651 | 4 |
_aVieilla- _xClima. _9167101 |
|
| 852 |
_aES-MaACL _j1710-F-20 |
||
| 999 |
_c62067 _d62067 |
||